| 000 | 00497nam a2200133Ia 4500 | ||
|---|---|---|---|
| 008 | 160809s9999 xx 000 0 und d | ||
| 100 | _aAldrees, Asma. | ||
| 245 | _aComparative Evaluation of Four Multi-Label Classification Algorithms in Classifying Learning Objects | ||
| 245 | _cAsma Aldrees and Azeddine Chikh and Jawad Berri. | ||
| 260 | _bComputer Science and Information Technology | ||
| 260 | _cJanuary 2016 | ||
| 650 | _xINFORMATION TECHNOLOGY | ||
| 856 | _uhttp://airccse.org/V6N49.html | ||
| 999 |
_c300053 _d300053 |
||